Väzba projektu na operačný program a národné rozvojové dokumenty diplomová práca

Saved in:
Bibliographic Details
Main Author: Špesová, Mária
Corporate Author: Národohospodárska fakulta EU. Katedra verejnej správy a regionálneho rozvoja
Other Authors: Buček, Milan
Format: Book
Language:Slovak
Published: Bratislava 2009
Tags: Add Tag
No Tags, Be the first to tag this record!

MARC

LEADER 00000nam$a2200000$$$4500
001 0098470
005 20240319124941.3
041 0 |a slo 
044 |a SK 
245 1 0 |a Väzba projektu na operačný program a národné rozvojové dokumenty  |b diplomová práca  |c Mária Špesová ; škol. Milan Buček 
264 1 |a Bratislava  |c 2009 
300 |a 72 s. 
100 1 |a Špesová, Mária 
700 1 |a Buček, Milan 
710 2 |a Národohospodárska fakulta EU. Katedra verejnej správy a regionálneho rozvoja